| 000 | 00667nam a22002177a 4500 | ||
|---|---|---|---|
| 999 |
_c20894 _d20894 |
||
| 003 | AR-CdUCM | ||
| 008 | 190607b ||||| |||| 00| 0 spa d | ||
| 040 |
_aMUNICIPALIDAD PROVINCIAL DEL CUSCO _cBIBLIOTECA MUNICIPAL DEL CUSCO |
||
| 082 |
_a372.64 / _bB29 |
||
| 100 |
_aSerafino, Angelino _934129 |
||
| 245 | _aEl ángel de caperusita / | ||
| 260 |
_aBarcelona : _bValles, _c1969. |
||
| 300 |
_a17 páginas ; _bIlustraciones, _c25 cm. |
||
| 505 | _aContenido: Cuento infantil. | ||
| 650 |
_aCuentos _9217 |
||
| 650 |
_aInfantiles _917400 |
||
| 650 |
_aNiños _99390 |
||
| 700 |
_aBeaumont (textos y dibujos) _943607 |
||
| 942 |
_2ddc _cLIBROS |
||
| 945 | _aJavier | ||